Normal view
MARC view
- English Language-English Skills
Entry Topical Term
001 - CONTROL NUMBER
- control field: 2233
003 - CONTROL NUMBER IDENTIFIER
- control field: JO-AjAnu
005 - DATE AND TIME OF LATEST TRANSACTION
- control field: 20230606070653.0
008 - FIXED-LENGTH DATA ELEMENTS
- fixed length control field: 230606|| aca||aabn | a|a d
040 ## - CATALOGING SOURCE
- Original cataloging agency: JO-AjAnu
- Transcribing agency: JO-AjAnu
150 ## - HEADING--TOPICAL TERM
- Topical term or geographic name entry element: English Language-English Skills
670 ## - SOURCE DATA FOUND
- Source citation: Work cat.: (JO-AjAnu)1169: تأليف Palmer,Graham, author 2232, Real Writing 1 With answers